00909cam a2200265 a 4500001000500000005001700005020001700022040002300039050002400062082001200086100002400098245008200122260003700204300003900241490002900280500003500309505000800344520015700352521002000509521002000529650002600549650002200575650002000597650002600617145120250526083547.0 a090129003990 aDLCcDLCdDLCbeng00aPZ7.O81167bMr 199300aFic2201 aOsborne, Mary Pope.10aMummies in the morning /cby Mary Pope Osborne ; illustrated by Sal Murdocca. aNew York :bRandom House c1993. a64 pages :billustrations ;c20 cm aMagic Tree HousevBook 3 a"A First stepping stone book." aJ  aJack and his younger sister take a trip in their tree house back to ancient Egypt, where they help a queen's mummy continue her voyage to the Next Life.0 a500 bLexile 1 aJ bRaz-Plus  1aTime travelxFiction. 1aMummiesxFiction. 1aMagicxFiction. 1aTree housesxFiction.